000 01203nam a22002537a 4500
003 JO-AjAnu
005 20251021140319.0
008 251012b jo ||||| |||| 00| 0 ara d
020 _a978-9922-730-73-8
022 _a951/2024
040 _aANU
_cJO-AjAnu
041 _hARA
100 _aالجنابي، سلمان عكاب سرحان
_eمؤلف
_966759
245 _aالمهارات الأساس بكرة القدم : كتاب منهجي لطلبة المرحلة الاولى في كليات واقسام التربية البدنية وعلوم الرياضة
_c / تاليف سلمان عكاب سرحان الجنابي وآخرون
250 _aالطبعة الاولى
260 _aبابل :
_bمؤسسة دار الصادق الثقافية،
_c2025
300 _a383 صفحة
500 _aيحتوي هذا الكتاب على صور توضيحية
650 _vكرة القم-التعليم العالي-دراسة وتدريس
700 _dالكروشي، علاء جبارعبود
_eم. مشارك
710 _bالوزان، محسن محمد حسن
_eم. مشارك
711 _cالذبحاوي، بشار عبود فاضل
_eم. مشارك
942 _2lcc
_cBK
_n0
999 _c34049
_d34049